Termálne pramene v koncepte rozvoja cestovného ruchu na Islande
Island ako populárna destinácia cestovného ruchu so zameraním na možnosti rozvoja kúpeľníctva a kúpeľného cestovného ruchu.
Gespeichert in:
| 1. Verfasser: | |
|---|---|
| Format: | Buchkapitel |
| Sprache: | Slowakisch |
| Schlagworte: | |
| Tags: |
Keine Tags, Fügen Sie das erste Tag hinzu!
|
MARC
| LEADER | 00000naa$a2200000$$$4500 | ||
|---|---|---|---|
| 001 | 0249657 | ||
| 005 | 20240502074008.2 | ||
| 041 | 0 | |a slo | |
| 044 | |a SK | ||
| 245 | 1 | 0 | |a Termálne pramene v koncepte rozvoja cestovného ruchu na Islande |c Darina Eliašová |
| 520 | |a Island ako populárna destinácia cestovného ruchu so zameraním na možnosti rozvoja kúpeľníctva a kúpeľného cestovného ruchu. | ||
| 610 | 2 | 0 | |a Island |
| 610 | 2 | 0 | |a ruch cestovný |
| 610 | 2 | 0 | |a ruch cestovný domáci |
| 610 | 2 | 0 | |a kúpeľníctvo |
| 610 | 2 | 0 | |a turistika |
| 610 | 2 | 0 | |a zvyšovanie produktivity |
| 100 | 1 | |a Eliašová, Darina | |